000
00348nam a2200133Ia 4500
008
100328s9999 xx 000 0 und d
082
_b
3573
100
_a
आपटे ह.ना.
245
_a
गणपतराव
260
_b
आर्यभूषण
630
_a
गणपतराव
730
_a
गणपतराव
942
_c
BOOK
999
_c
499698
_d
499695